Представление документа в формате MARC21

Поле Инд. ПП Название Значение
Тип записи a
Библиографический уровень m
001 Контрольный номер d99f37f98ee74850a7ac8a56de29c615
005 Дата корректировки 20251013102422.9
008 Кодируемые данные 20201216
022 a ISSN 1812-3929
084 a Индекс другой классификации/Индекс ББК 67
090 a Полочн. индекс 95.2
099 a Индекс 80264/2
245 a Заглавие Юрист
n Номер части/ раздела №11/2020
b Продолж. заглавия научно-практическое и информационное издание
c Ответственность учредитель: Издательская группа "Юрист"; гл. ред. В. В. Гриб
h Физич. носитель Текст
260 c Дата издания 2020
b Издательство Юрист
a Место издания Москва
300 a Объем 78 с.
500 a Примечание Журнал
650 a Основная рубрика право
773 w Контрольный № источника RU/IS/BASE/407507931
900 a Имя электронного ресурса P_yurist_11_20
x Справочная информация Оглавление
901 t Тип документа s
952 a Тип литературы для КСУ ВШ НЖ
991 s 6